000 00965nam a2200301 i 4500
001 C2-0200206
003 PPAK
005 20230425155335.0
008 990206s1991 my a e | 1 may d
020 _a9836225021
_qpaperback
040 _aPPAK
_beng
_cPPAK
_erda
082 0 4 _223
_a959.303
090 0 0 _a959.303
_bKOB
_dKMI
090 2 0 _a959.303
_bKOB
_dKSA
090 2 0 _a959.303
_bKOB
_dKWS
100 0 _aKobkua Suwannathat-Pian,
_d1944-
_eauthor.
245 1 0 _aSEJARAH THAI ZAMAN BANGKOK /
_cDr. Kobkua Suwannathat-Pian
264 1 _aKuala Lumpur :
_bDewan Bahasa dan Pustaka,
_c1991
300 _axi, 285 pages :
_billustrations ;
_c21 cm
336 _2rdacontent
_atext
337 _2rdamedia
_aunmediated
338 _2rdacarrier
_avolume
500 _aIncludes index
504 _aBibliography : pages [275]-280
651 0 _aThailand
_vHistory
_y1782-1945
651 0 _aThailand
_vPolitics and government
942 _cB
_2ddc
999 _c156904
_d156904